Ecoscience : Population, Resources, Environment / (Record no. 27165)
[ view plain ]
| 000 -LEADER | |
|---|---|
| fixed length control field | 01047nam a22002777a 4500 |
| 001 - CONTROL NUMBER | |
| control field | 0000000104 |
| 003 - CONTROL NUMBER IDENTIFIER | |
| control field | PPM |
| 005 - DATE AND TIME OF LATEST TRANSACTION | |
| control field | 20260306091245.0 |
| 008 - FIXED-LENGTH DATA ELEMENTS--GENERAL INFORMATION | |
| fixed length control field | 260306b ||||| |||| 00| 0 eng d |
| 020 ## - INTERNATIONAL STANDARD BOOK NUMBER | |
| International Standard Book Number | 0716705672 |
| Qualifying information | Hardback |
| 035 ## - SYSTEM CONTROL NUMBER | |
| System control number | 0000000104 |
| 040 ## - CATALOGING SOURCE | |
| Language of cataloging | Eng |
| Transcribing agency | Pusat Penyelidikan Mineral, Jabatan Mineral Dan Geosains Malaysia |
| Modifying agency | PPM |
| Description conventions | RDA |
| 082 10 - DEWEY DECIMAL CLASSIFICATION NUMBER | |
| Edition number | 19 |
| Classification number | 301.32 |
| Item number | EHR 1977 |
| 100 1# - MAIN ENTRY--PERSONAL NAME | |
| Personal name | Ehrlich, Paul R. |
| Relator term | author |
| 245 10 - TITLE STATEMENT | |
| Title | Ecoscience : Population, Resources, Environment / |
| Statement of responsibility, etc. | by Paul R. Ehrlich, Anne H. Ehrlich, John P. Holdren |
| 260 #1 - PUBLICATION, DISTRIBUTION, ETC. | |
| Place of publication, distribution, etc. | San Francisco : |
| Name of publisher, distributor, etc. | W. H. Freeman & Company , |
| Date of publication, distribution, etc. | 1977 |
| 300 00 - PHYSICAL DESCRIPTION | |
| Extent | xv, 1051 p.: |
| Other physical details | graph, maps, illustrations .; |
| Dimensions | 24 cm |
| 500 ## - GENERAL NOTE | |
| General note | First-2d ed. published under title: Population, resources, environment. |
| 504 ## - BIBLIOGRAPHY, ETC. NOTE | |
| Bibliography, etc. note | Includes bibliographical references and indexes (p.:1005 - 1051) |
| 650 10 - SUBJECT ADDED ENTRY--TOPICAL TERM | |
| Topical term or geographic name entry element | Population |
| 650 10 - SUBJECT ADDED ENTRY--TOPICAL TERM | |
| Topical term or geographic name entry element | Pollution. |
| 650 10 - SUBJECT ADDED ENTRY--TOPICAL TERM | |
| Topical term or geographic name entry element | Human Ecology |
| 700 1# - ADDED ENTRY--PERSONAL NAME | |
| Personal name | Ehrlich, Anne H., |
| Relator term | joint author. |
| 700 1# - ADDED ENTRY--PERSONAL NAME | |
| Personal name | Holdren, John P., |
| Relator term | joint author. |
| 942 ## - ADDED ENTRY ELEMENTS (KOHA) | |
| Source of classification or shelving scheme | |
| Koha item type | Books |
| Withdrawn status | Lost status | Source of classification or shelving scheme | Damaged status | Not for loan | Collection code | Permanent Location | Current Location | Shelving location | Date acquired | Total Checkouts | Full call number | Date last seen | Price effective from | Koha item type |
|---|---|---|---|---|---|---|---|---|---|---|---|---|---|---|
| Available | Open Shelf | PPM | PPM | Open Shelf | 06/03/2026 | 301.32 EHR 1977 | 06/03/2026 | 06/03/2026 | Books |